[Event "XXXVI Torneo Internacional de La Roda 2"]
[Site "La Roda (Albacete) - ESPAÑA"]
[Date "2009.03.08"]
[Round "1.1"]
[White "Garcia Galeote, Lorenzo"]
[Black "Korneev, Oleg"]
[Result "0-1"]
[WhiteElo "2082"]
[BlackElo "2587"]
[PlyCount "70"]
[EventDate "2009.03.08"]

1. d4 d5 2. c4 e6 3. Nc3 c6 4. cxd5 exd5 5. Nf3 Nf6 6. Bg5 Be7 7. e3 Bf5 8. Bd3
Bxd3 9. Qxd3 Nbd7 10. O-O O-O 11. Rfc1 Re8 12. a3 a5 13. Na4 Ne4 14. Bxe7 Qxe7
15. Nd2 Nd6 16. Nc5 a4 17. b3 Nxc5 18. dxc5 Nb5 19. b4 Qf6 20. Nf3 Re4 21. Ra2
Rae8 22. h3 h6 23. Nd2 R4e5 24. Nf3 Re4 25. Nd2 Rh4 26. Nf3 Rxh3 27. Nd4 Rh5
28. Nxb5 Qh4 29. Kf1 cxb5 30. Raa1 d4 31. Qxb5 Re6 32. Qxb7 dxe3 33. g3 Qh2 34.
Qf3 exf2 35. Qg2 Re1+ 0-1

[Event "XXXVI Torneo Internacional de La Roda 2"]
[Site "La Roda (Albacete) - ESPAÑA"]
[Date "2009.03.08"]
[Round "1.2"]
[White "Cornette, Matthieu"]
[Black "Nieto De La Cruz, Julio"]
[Result "1-0"]
[WhiteElo "2573"]
[BlackElo "2070"]
[PlyCount "85"]
[EventDate "2009.03.08"]

1. e4 c5 2. Nc3 Nc6 3. Bb5 g6 4. Bxc6 dxc6 5. d3 Bg7 6. Be3 b6 7. Qd2 Nf6 8.
Bh6 O-O 9. Bxg7 Kxg7 10. f4 e5 11. fxe5 Ng4 12. Nf3 Re8 13. Qf4 Qc7 14. O-O
Nxe5 15. Nxe5 Rxe5 16. Rf3 Re7 17. Qf6+ Kg8 18. Raf1 Be6 19. Qg5 Rd8 20. Ne2
Bc8 21. Ng3 Rd6 22. Nh5 h6 23. Qxh6 gxh5 24. Rg3+ Bg4 25. Qxh5 Rg6 26. Rxg4
Rxg4 27. Qxg4+ Kf8 28. Qf4 Qxf4 29. Rxf4 Rd7 30. b3 b5 31. Kf2 c4 32. Ke3 cxb3
33. cxb3 a5 34. Rf6 Rc7 35. Kd4 c5+ 36. Kd5 Rd7+ 37. Rd6 Rc7 38. Rb6 Rd7+ 39.
Kxc5 Rxd3 40. Rxb5 Rd2 41. Rxa5 Rxg2 42. b4 Rxh2 43. b5 1-0

[Event "XXXVI Torneo Internacional de La Roda 2"]
[Site "La Roda (Albacete) - ESPAÑA"]
[Date "2009.03.08"]
[Round "1.3"]
[White "Sanchez Sanchez, Alberto"]
[Black "Lopez Martinez, Josep Manuel"]
[Result "0-1"]
[WhiteElo "2067"]
[BlackElo "2557"]
[PlyCount "84"]
[EventDate "2009.03.08"]

1. e4 c5 2. c3 Nf6 3. e5 Nd5 4. d4 cxd4 5. cxd4 e6 6. Nc3 Nxc3 7. bxc3 Qc7 8.
Bd2 d6 9. f4 Be7 10. Nf3 b6 11. Bd3 O-O 12. O-O Ba6 13. c4 g6 14. Qe2 Nd7 15.
f5 exf5 16. e6 fxe6 17. Qxe6+ Rf7 18. Ng5 Bxg5 19. Bxg5 Nf8 20. Qe2 Rc8 21.
Rac1 Qd7 22. d5 Qe8 23. Qf2 Nd7 24. Rfe1 Qf8 25. Bf4 Nc5 26. Bb1 Re7 27. Rxe7
Qxe7 28. Qf3 Ne4 29. Qb3 Nf6 30. Bd3 Rc5 31. Qb4 Nxd5 32. Re1 Nxb4 33. Rxe7
Nxd3 34. Bh6 Re5 35. Rg7+ Kf8 36. h4 Ke8 37. Rxa7 Bxc4 38. a4 Bd5 39. Rxh7 Re1+
40. Kh2 Re2 41. h5 Rxg2+ 42. Kh3 Nf2+ 0-1

[Event "XXXVI Torneo Internacional de La Roda 2"]
[Site "La Roda (Albacete) - ESPAÑA"]
[Date "2009.03.08"]
[Round "1.4"]
[White "Movsziszian, Karen"]
[Black "Sanchez-Alarcos Galian, Victor"]
[Result "1-0"]
[WhiteElo "2556"]
[BlackElo "2061"]
[PlyCount "47"]
[EventDate "2009.03.08"]

1. e4 d5 2. exd5 Nf6 3. d4 Bg4 4. f3 Bf5 5. Bb5+ Nbd7 6. g4 Bg6 7. c4 e6 8.
dxe6 fxe6 9. Ne2 c6 10. Ba4 e5 11. Nbc3 exd4 12. Nxd4 Ne5 13. Be3 Nxc4 14. Qe2
Qe7 15. Nxc6 bxc6 16. Bxc6+ Kd8 17. O-O-O+ Kc7 18. Bf4+ Kxc6 19. Qxc4+ Qc5 20.
Qa4+ Kb7 21. g5 Rc8 22. gxf6 Ka8 23. Rd7 gxf6 24. Qa6 1-0

[Event "XXXVI Torneo Internacional de La Roda 2"]
[Site "La Roda (Albacete) - ESPAÑA"]
[Date "2009.03.08"]
[Round "1.6"]
[White "Suba, Mihai"]
[Black "Navarro Lopez-Menchero, Daniel"]
[Result "1-0"]
[WhiteElo "2542"]
[BlackElo "2058"]
[PlyCount "61"]
[EventDate "2009.03.08"]

1. c4 Nf6 2. Nc3 e6 3. Nf3 b6 4. a3 Bb7 5. d4 d6 6. d5 exd5 7. cxd5 Nbd7 8. e4
Be7 9. Bb5 O-O 10. O-O a6 11. Bc6 Bxc6 12. dxc6 Ne5 13. Nd4 d5 14. f4 Ng6 15.
e5 Ne4 16. Nxe4 dxe4 17. Be3 Bc5 18. Nf5 Qd3 19. Bxc5 bxc5 20. Qg4 Rfe8 21. h4
h5 22. Qxh5 Ne7 23. Rad1 Qb3 24. Rd2 Nxf5 25. Qxf5 e3 26. Rd7 Rf8 27. Qe4 Qxb2
28. Rf3 Qb6 29. Rg3 Rad8 30. e6 fxe6 31. Rgxg7+ 1-0

[Event "XXXVI Torneo Internacional de La Roda 2"]
[Site "La Roda (Albacete) - ESPAÑA"]
[Date "2009.03.08"]
[Round "1.7"]
[White "Gonzalez Berruga, Ana Isabel"]
[Black "Paunovic, Dragan"]
[Result "0-1"]
[WhiteElo "2050"]
[BlackElo "2537"]
[PlyCount "64"]
[EventDate "2009.03.08"]

1. d4 d6 2. c4 e5 3. e3 Qe7 4. Nc3 Nf6 5. Nf3 g6 6. Be2 Bg7 7. O-O O-O 8. b4 a5
9. b5 e4 10. Nd2 Re8 11. a4 c5 12. Nb3 b6 13. f3 Bb7 14. f4 Nbd7 15. g4 h6 16.
Ba3 Rad8 17. Rc1 cxd4 18. exd4 e3 19. Bf3 Bxf3 20. Qxf3 Qe6 21. Ne2 Nxg4 22. d5
Qf5 23. Bxd6 Nf2 24. Nbd4 Bxd4 25. Nxd4 Qf6 26. Be5 Nxe5 27. fxe5 Qxe5 28. Nc6
Qg5+ 29. Qg3 Rd7 30. Rfe1 f5 31. Qxg5 hxg5 32. Kg2 Nd3 0-1

[Event "XXXVI Torneo Internacional de La Roda 2"]
[Site "La Roda (Albacete) - ESPAÑA"]
[Date "2009.03.08"]
[Round "1.8"]
[White "Del Rio De Angelis, Salvador G"]
[Black "Delgado Alarcon, Jesus Francisc"]
[Result "1-0"]
[WhiteElo "2531"]
[BlackElo "2048"]
[PlyCount "59"]
[EventDate "2009.03.08"]

1. d4 e6 2. e4 d5 3. Bd3 c5 4. exd5 exd5 5. Qe2+ Be6 6. Nf3 Nc6 7. O-O g6 8.
Nc3 Bg7 9. dxc5 Nd4 10. Nxd4 Bxd4 11. Nb5 Bxc5 12. Qe5 Nf6 13. Nc7+ Kd7 14.
Bb5+ Kc8 15. Nxe6 fxe6 16. Qxe6+ Kc7 17. b4 Bxb4 18. Rb1 Bd6 19. Bg5 Rf8 20. c4
Qe7 21. Qh3 a6 22. Rfe1 Qf7 23. c5 Bxc5 24. Qg3+ Kc8 25. Be2 b6 26. Rec1 Ne4
27. Rxc5+ Nxc5 28. Qd6 Ra7 29. Bg4+ Nd7 30. Qxb6 1-0

[Event "XXXVI Torneo Internacional de La Roda 2"]
[Site "La Roda (Albacete) - ESPAÑA"]
[Date "2009.03.08"]
[Round "1.9"]
[White "Garcia Roman, Jose Luis Machado"]
[Black "Cabrera, Alexis"]
[Result "0-1"]
[WhiteElo "2034"]
[BlackElo "2518"]
[PlyCount "92"]
[EventDate "2009.03.08"]

1. d4 f5 2. c4 Nf6 3. Nc3 d6 4. g3 g6 5. Bg2 Bg7 6. Nf3 O-O 7. O-O Nc6 8. Rb1
e5 9. b4 e4 10. Ng5 Ne8 11. Nb5 h6 12. Nh3 a6 13. d5 axb5 14. dxc6 bxc6 15.
cxb5 Be6 16. Bb2 cxb5 17. Bxg7 Kxg7 18. Rb2 Bxa2 19. Rxa2 Rxa2 20. Nf4 Rf6 21.
Qd4 Kh7 22. f3 exf3 23. Bxf3 Qe7 24. Nd5 Qe5 25. Nxf6+ Nxf6 26. Qxe5 dxe5 27.
Rc1 e4 28. Rxc7+ Kg8 29. Bg2 Ra1+ 30. Bf1 Ng4 31. Rc3 Nxh2 32. Kxh2 Rxf1 33.
Rc5 Rf2+ 34. Kg1 Rxe2 35. Rxb5 Kg7 36. Rb8 Kf6 37. b5 Kg5 38. b6 Rb2 39. b7 Kg4
40. Rg8 Rxb7 41. Rxg6+ Kf3 42. Rxh6 e3 43. Rf6 Rb1+ 44. Kh2 e2 45. Rxf5+ Kg4
46. Rf4+ Kg5 0-1

[Event "XXXVI Torneo Internacional de La Roda 2"]
[Site "La Roda (Albacete) - ESPAÑA"]
[Date "2009.03.08"]
[Round "1.10"]
[White "Almeida Quintana, Omar"]
[Black "Rodrigo Yanguas, Maria"]
[Result "1-0"]
[WhiteElo "2516"]
[BlackElo "2033"]
[PlyCount "45"]
[EventDate "2009.03.08"]

1. d4 d5 2. Nf3 Nf6 3. c4 c6 4. Nc3 a6 5. a4 a5 6. Bg5 Na6 7. e3 Bf5 8. cxd5
Nxd5 9. Bc4 Qd6 10. O-O e6 11. Re1 Bg4 12. e4 Ndb4 13. d5 Nc7 14. Rc1 f6 15.
Be3 Be7 16. e5 Bxf3 17. Qxf3 fxe5 18. Ne4 Qd7 19. dxe6 Nxe6 20. Qh5+ Kd8 21.
Red1 Nd5 22. Bxd5 cxd5 23. Bb6+ 1-0

[Event "XXXVI Torneo Internacional de La Roda 2"]
[Site "La Roda (Albacete) - ESPAÑA"]
[Date "2009.03.08"]
[Round "1.11"]
[White "Plana Caballero, Miguel"]
[Black "Ibarra Jerez, Jose Carlos"]
[Result "1/2-1/2"]
[WhiteElo "2028"]
[BlackElo "2514"]
[PlyCount "64"]
[EventDate "2009.03.08"]

1. d4 Nf6 2. Nf3 d5 3. Bf4 c5 4. c3 Qb6 5. Qb3 Nc6 6. e3 c4 7. Qc2 Bf5 8. Qc1
h6 9. Be2 e6 10. O-O Be7 11. Nbd2 O-O 12. Ne5 Rfc8 13. h3 Qa5 14. g4 Bh7 15. h4
Nxe5 16. dxe5 Nd7 17. Nf3 Be4 18. g5 hxg5 19. hxg5 Qd8 20. Nd4 Bxg5 21. f3 Bg6
22. Rf2 Nc5 23. Rg2 Bxf4 24. exf4 Qb6 25. Qd2 Kf8 26. Kf2 Na4 27. Rxg6 fxg6 28.
Qc2 Nc5 29. Qxg6 Qc7 30. Rh1 Qf7 31. Qg5 Ke8 32. Rh7 Qe7 1/2-1/2

[Event "XXXVI Torneo Internacional de La Roda 2"]
[Site "La Roda (Albacete) - ESPAÑA"]
[Date "2009.03.08"]
[Round "1.12"]
[White "Rizouk, Aimen"]
[Black "Garcia Salamero, Gabriel"]
[Result "1-0"]
[WhiteElo "2505"]
[BlackElo "2026"]
[PlyCount "45"]
[EventDate "2009.03.08"]

1. e4 e5 2. Nf3 Nf6 3. Nxe5 d6 4. Nf3 Nxe4 5. d4 d5 6. Bd3 Bd6 7. O-O O-O 8. c4
c6 9. Qc2 Na6 10. a3 f5 11. b4 Nc7 12. Nbd2 Kh8 13. cxd5 cxd5 14. Ne5 Ne6 15.
Bb2 Bd7 16. Rfc1 Nf4 17. Ndf3 Rc8 18. Qd1 Ba4 19. Rxc8 Qxc8 20. Qxa4 Bxe5 21.
Nxe5 Nxd3 22. Nxd3 f4 23. f3 1-0

[Event "XXXVI Torneo Internacional de La Roda 2"]
[Site "La Roda (Albacete) - ESPAÑA"]
[Date "2009.03.08"]
[Round "1.13"]
[White "Codina Tormo, Julia"]
[Black "Libiszewski, Fabien"]
[Result "0-1"]
[WhiteElo "2025"]
[BlackElo "2505"]
[PlyCount "80"]
[EventDate "2009.03.08"]

1. e4 c5 2. Nf3 Nc6 3. d4 cxd4 4. Nxd4 e5 5. Nb5 d6 6. N1c3 a6 7. Na3 b5 8. Nd5
Nge7 9. c3 Nxd5 10. Qxd5 Qc7 11. Nc2 Bb7 12. Qd3 Ne7 13. Ne3 Rd8 14. Nd5 Nxd5
15. exd5 Be7 16. Be3 O-O 17. g4 Bc8 18. Bh3 h5 19. Rg1 hxg4 20. Bxg4 f5 21. Bh5
Bf6 22. Bg6 Qc4 23. Qxc4 bxc4 24. O-O-O Bd7 25. h4 Bxh4 26. Rh1 Be7 27. Rdg1 f4
28. Bh7+ Kf7 29. Bd2 Rh8 30. f3 g5 31. Rh5 Bf6 32. Rgh1 Ke7 33. Bg6 Rxh5 34.
Rxh5 Rh8 35. Rxh8 Bxh8 36. b3 Kf6 37. Be4 Bf5 38. Kd1 g4 39. Bxf5 Kxf5 40. Ke2
gxf3+ 0-1

[Event "XXXVI Torneo Internacional de La Roda 2"]
[Site "La Roda (Albacete) - ESPAÑA"]
[Date "2009.03.08"]
[Round "1.15"]
[White "Beltran De Heredia E, Miguel"]
[Black "Starostits, Ilmars"]
[Result "0-1"]
[WhiteElo "2020"]
[BlackElo "2464"]
[PlyCount "120"]
[EventDate "2009.03.08"]

1. e4 b6 2. d4 Bb7 3. Nc3 e6 4. Nf3 d6 5. Bd3 Nd7 6. Qe2 Ne7 7. Bg5 h6 8. Bh4
g5 9. Bg3 Bg7 10. e5 d5 11. h4 g4 12. Nh2 h5 13. f3 Nc6 14. Qf2 Qe7 15. a3 gxf3
16. Nxf3 O-O-O 17. Bf4 f6 18. exf6 Nxf6 19. Bg5 e5 20. dxe5 Nxe5 21. Bf5+ Kb8
22. O-O-O Neg4 23. Qg3 Qc5 24. Nd4 Rde8 25. Ne6 Rxe6 26. Bxe6 d4 27. Bxf6 Bxf6
28. Rhf1 Be5 29. Qd3 Ne3 30. Ne4 Qc6 31. Ng5 Ba6 32. c4 Re8 33. Bf7 Rd8 34. Qe4
Qxe4 35. Nxe4 Bb7 36. Rfe1 Bxe4 37. Rd2 Bf4 38. g3 Bh6 39. Bxh5 Nxc4 40. Rxe4
Bxd2+ 41. Kc2 Be3 42. Be2 Nd6 43. Re6 c5 44. b3 b5 45. g4 c4 46. bxc4 bxc4 47.
g5 d3+ 48. Bxd3 cxd3+ 49. Kxd3 Bc1 50. Kc2 Bxa3 51. h5 Kc7 52. h6 Kd7 53. Re2
Nf7 54. Rg2 Be7 55. h7 Bxg5 56. Rf2 Ke6 57. Rf3 Rc8+ 58. Kd1 Bf6 59. Ra3 Rc7
60. Ra6+ Nd6 0-1

[Event "XXXVI Torneo Internacional de La Roda 2"]
[Site "La Roda (Albacete) - ESPAÑA"]
[Date "2009.03.08"]
[Round "1.16"]
[White "Larino Nieto, David"]
[Black "Costa Tejedor, Juan Carlos"]
[Result "1-0"]
[WhiteElo "2464"]
[BlackElo "2015"]
[PlyCount "51"]
[EventDate "2009.03.08"]

1. e4 c5 2. Nc3 Nc6 3. g3 d6 4. Bg2 Nf6 5. d3 g6 6. h3 Bg7 7. f4 Nh5 8. Nge2
Nd4 9. g4 Nf6 10. Ng3 h5 11. g5 Nd7 12. h4 Nb6 13. O-O Bg4 14. Qd2 Qd7 15. Kh2
O-O 16. Nd1 e5 17. f5 gxf5 18. exf5 Nxf5 19. Nxf5 Bxf5 20. Ne3 Bg4 21. Nxg4
Qxg4 22. Qf2 Qe6 23. Bh3 Qe7 24. Qf3 Rae8 25. Qxh5 Nd5 26. Bf5 1-0

[Event "XXXVI Torneo Internacional de La Roda 2"]
[Site "La Roda (Albacete) - ESPAÑA"]
[Date "2009.03.08"]
[Round "1.17"]
[White "Martinez Hernandez, Javier"]
[Black "Pozo Vera, Sandro"]
[Result "0-1"]
[WhiteElo "2013"]
[BlackElo "2459"]
[PlyCount "46"]
[EventDate "2009.03.08"]

1. e4 e6 2. d4 d5 3. exd5 exd5 4. Bd3 c5 5. c3 Nc6 6. Ne2 Nf6 7. Bf4 Be7 8. O-O
O-O 9. h3 h6 10. Nd2 Re8 11. Re1 Be6 12. Nf3 Rc8 13. Rc1 Ne4 14. dxc5 Bxc5 15.
Ned4 Qb6 16. b3 Nxc3 17. Rxc3 Nxd4 18. Nxd4 Bxd4 19. Rxc8 Bxf2+ 20. Kh1 Rxc8
21. Re2 Qd4 22. Be5 Qh4 23. Qd2 Bg3 0-1

[Event "XXXVI Torneo Internacional de La Roda 2"]
[Site "La Roda (Albacete) - ESPAÑA"]
[Date "2009.03.08"]
[Round "1.18"]
[White "Rojas Keim, Luis"]
[Black "Lopez Quevedo, Eduardo"]
[Result "1-0"]
[WhiteElo "2444"]
[BlackElo "1999"]
[PlyCount "77"]
[EventDate "2009.03.08"]

1. e4 c5 2. Nf3 e6 3. d4 cxd4 4. Nxd4 Nf6 5. Nc3 Nc6 6. Ndb5 Bb4 7. a3 Bxc3+ 8.
Nxc3 d5 9. Bd3 dxe4 10. Nxe4 Nxe4 11. Bxe4 Qxd1+ 12. Kxd1 O-O 13. c3 e5 14. Be3
Be6 15. Kc2 f5 16. Bxc6 bxc6 17. b3 Rfb8 18. c4 Rb7 19. Kc3 Rab8 20. b4 Rd7 21.
Rhd1 Rbd8 22. Rxd7 Rxd7 23. b5 cxb5 24. cxb5 Kf7 25. a4 Bd5 26. g3 Ke6 27. Kb4
Bf3 28. a5 f4 29. gxf4 exf4 30. Bc5 g5 31. a6 h5 32. Ra3 Be4 33. Ra1 Bf3 34.
Re1+ Kf5 35. Re7 Rxe7 36. Bxe7 g4 37. Bc5 h4 38. Bxa7 h3 39. Bb8 1-0

[Event "XXXVI Torneo Internacional de La Roda 2"]
[Site "La Roda (Albacete) - ESPAÑA"]
[Date "2009.03.08"]
[Round "1.19"]
[White "Nieto Tornero, Jose"]
[Black "Llorente Zaro, Alfonso"]
[Result "0-1"]
[WhiteElo "1997"]
[BlackElo "2434"]
[PlyCount "150"]
[EventDate "2009.03.08"]

1. e4 b6 2. Nc3 Bb7 3. g3 e6 4. Bg2 d5 5. exd5 Nf6 6. d4 Bb4 7. Nge2 Nxd5 8.
O-O Nxc3 9. bxc3 Bxg2 10. Kxg2 Be7 11. Nf4 Nd7 12. Re1 O-O 13. Qe2 c5 14. d5 e5
15. c4 Bd6 16. Nh3 h6 17. f4 f5 18. Bb2 e4 19. Qh5 Qe8 20. Qxe8 Raxe8 21. Re3
Kh7 22. Rf1 Rf7 23. a4 Rb8 24. Bc3 Rb7 25. Rb1 a6 26. Rb3 Rf8 27. Re1 Rfb8 28.
Reb1 Re8 29. Bd2 Bc7 30. Nf2 Bd8 31. h4 Bf6 32. Nd1 g6 33. Be3 Reb8 34. Kf2 Kg8
35. Ke2 Kf7 36. Nf2 Ke7 37. Nh3 Kd6 38. Nf2 Kc7 39. Bd2 Bd4 40. Nd1 Bg7 41. c3
Nf6 42. Ne3 Bf8 43. R1b2 Bd6 44. Rb1 Rf8 45. Rf1 Nh5 46. Be1 Rfb8 47. Bf2 Rf8
48. Be1 Rbb8 49. Rb1 Rf7 50. Rb2 Rbf8 51. Rh1 Nf6 52. Bf2 Rg8 53. Rbb1 Nd7 54.
Rbg1 g5 55. hxg5 hxg5 56. Rh5 gxf4 57. gxf4 Rxg1 58. Bxg1 Bxf4 59. Rxf5 Rxf5
60. Nxf5 Ne5 61. a5 Nxc4 62. axb6+ Kxb6 63. Kd1 a5 64. Kc2 a4 65. Kb1 e3 66. d6
e2 67. Bf2 Bd2 68. d7 Kc7 69. Kc2 e1=Q 70. Bxe1 Bxe1 71. Ne7 Kxd7 72. Nd5 Kc6
73. Ne7+ Kd6 74. Nc8+ Kd7 75. Na7 Nd6 0-1

[Event "XXXVI Torneo Internacional de La Roda 2"]
[Site "La Roda (Albacete) - ESPAÑA"]
[Date "2009.03.08"]
[Round "1.20"]
[White "Alvarez Pedraza, Aramis"]
[Black "Meneses Gonzalez, Kevin Moises"]
[Result "1-0"]
[WhiteElo "2431"]
[BlackElo "1994"]
[PlyCount "51"]
[EventDate "2009.03.08"]

1. g3 Nf6 2. Bg2 g6 3. d4 Bg7 4. e4 d6 5. Nc3 O-O 6. Nge2 e5 7. O-O exd4 8.
Nxd4 Nbd7 9. Re1 Re8 10. h3 a5 11. Ndb5 Ne5 12. f4 Nc4 13. e5 dxe5 14. Qxd8
Rxd8 15. Nxc7 Rb8 16. b3 Nb6 17. Be3 Nfd7 18. Rad1 exf4 19. Bxb6 Bxc3 20. Re2
Rf8 21. Ba7 f3 22. Bxf3 Ne5 23. Bg2 Bf5 24. Bxb8 Rxb8 25. Nd5 Bb2 26. c3 1-0

[Event "XXXVI Torneo Internacional de La Roda 2"]
[Site "La Roda (Albacete) - ESPAÑA"]
[Date "2009.03.09"]
[Round "2.1"]
[White "Korneev, Oleg"]
[Black "Chueca Forcen, Alberto"]
[Result "1-0"]
[WhiteElo "2587"]
[BlackElo "2271"]
[PlyCount "85"]
[EventDate "2009.03.08"]

1. e4 c6 2. d4 d5 3. Nc3 dxe4 4. Nxe4 Bf5 5. Ng3 Bg6 6. h4 h6 7. Nf3 Nd7 8. h5
Bh7 9. Bd3 Bxd3 10. Qxd3 Qc7 11. Bd2 e6 12. O-O-O O-O-O 13. Ne4 Ngf6 14. g3 Nc5
15. Nxc5 Bxc5 16. c4 Bd6 17. Bc3 Kb8 18. Kb1 Rhe8 19. Qe2 Ka8 20. Ne5 c5 21.
dxc5 Bxc5 22. f4 Ng8 23. a3 f6 24. Rxd8+ Rxd8 25. Ng6 Qb6 26. Rd1 Re8 27. Qd2
Ne7 28. Qd7 Qc6 29. b4 Nxg6 30. Qxc6 bxc6 31. hxg6 Bf2 32. Rd7 Rg8 33. g4 Be3
34. Re7 c5 35. Rxe6 cxb4 36. Rxe3 bxc3 37. Re7 f5 38. gxf5 h5 39. f6 gxf6 40.
g7 h4 41. Rf7 Rb8+ 42. Kc2 h3 43. Rf8 1-0

[Event "XXXVI Torneo Internacional de La Roda 2"]
[Site "La Roda (Albacete) - ESPAÑA"]
[Date "2009.03.09"]
[Round "2.2"]
[White "Almagro Mazariegos, Sebastian"]
[Black "Cornette, Matthieu"]
[Result "0-1"]
[WhiteElo "2271"]
[BlackElo "2573"]
[PlyCount "80"]
[EventDate "2009.03.08"]

1. e4 e5 2. Nf3 Nc6 3. Bb5 a6 4. Bxc6 dxc6 5. d4 exd4 6. Qxd4 Bg4 7. Be3 Bxf3
8. Qxd8+ Rxd8 9. gxf3 Bd6 10. Nd2 Ne7 11. Nc4 Ng6 12. Ke2 O-O 13. h4 f5 14. h5
Nf4+ 15. Bxf4 Bxf4 16. Ne3 fxe4 17. fxe4 Rd4 18. f3 Rfd8 19. Nf1 g5 20. hxg6
hxg6 21. Rg1 Kf7 22. Rg2 c5 23. Ke1 R8d6 24. Re2 Rb6 25. b3 g5 26. Rd1 Rh6 27.
c3 Rxd1+ 28. Kxd1 Rh1 29. Re1 Be5 30. c4 Rh3 31. Ke2 Bd4 32. Rd1 a5 33. Rd2 Ke6
34. Ne3 Ke5 35. Nf5 b6 36. a4 Kf4 37. Rd3 Rh2+ 38. Kf1 Rb2 39. Nh6 Rf2+ 40. Ke1
Rxf3 0-1

[Event "XXXVI Torneo Internacional de La Roda 2"]
[Site "La Roda (Albacete) - ESPAÑA"]
[Date "2009.03.09"]
[Round "2.3"]
[White "Lopez Martinez, Josep Manuel"]
[Black "Robles Garcia, Claudia"]
[Result "1-0"]
[WhiteElo "2557"]
[BlackElo "2267"]
[PlyCount "73"]
[EventDate "2009.03.08"]

1. e4 c5 2. Nf3 d6 3. d4 cxd4 4. Nxd4 Nf6 5. Nc3 a6 6. Be3 e5 7. Nb3 Be6 8. f3
Be7 9. Qd2 O-O 10. O-O-O Nbd7 11. g4 b5 12. Rg1 Nb6 13. g5 Ne8 14. Kb1 Nc4 15.
Bxc4 bxc4 16. Nc1 Nc7 17. N1e2 Rb8 18. f4 f5 19. gxf6 Bxf6 20. f5 d5 21. Bc5
Bf7 22. exd5 e4 23. Bd4 Bxd5 24. Qe3 Bc6 25. Qg3 Qe7 26. Nf4 Bxd4 27. Rxd4 Rxf5
28. Rxc4 Qf7 29. Rxc6 Rxf4 30. b3 Ne8 31. Nd5 Rf1+ 32. Kb2 Rd8 33. Rxf1 Qxf1
34. Qg5 Rb8 35. Qe5 Qb5 36. a4 Qb7 37. Rb6 1-0

[Event "XXXVI Torneo Internacional de La Roda 2"]
[Site "La Roda (Albacete) - ESPAÑA"]
[Date "2009.03.09"]
[Round "2.4"]
[White "Cori T, Deysi"]
[Black "Movsziszian, Karen"]
[Result "0-1"]
[WhiteElo "2262"]
[BlackElo "2556"]
[PlyCount "112"]
[EventDate "2009.03.08"]

1. d4 Nf6 2. Nf3 g6 3. c4 Bg7 4. g3 O-O 5. Bg2 d6 6. O-O Nbd7 7. Nc3 e5 8. e4
a6 9. h3 b5 10. cxb5 axb5 11. Re1 c6 12. dxe5 dxe5 13. Qd6 Ra6 14. Be3 Re8 15.
a3 Bf8 16. Qd3 Qe7 17. Red1 Nc5 18. Qc2 Nfd7 19. b4 Ne6 20. a4 bxa4 21. Rxa4
Nc7 22. Rxa6 Bxa6 23. Qd2 Bc8 24. Rb1 Rd8 25. Qc2 Ba6 26. Na4 Bb5 27. Nc5 Nxc5
28. Bxc5 Qf6 29. Rd1 Re8 30. Qc3 Be2 31. Rd7 Nb5 32. Qe3 Bxf3 33. Bxf3 Bxc5 34.
bxc5 Rd8 35. Rxd8+ Qxd8 36. Be2 Nd4 37. Bf1 Qa5 38. Qc1 Qb4 39. Kg2 Ne6 40. f3
Qxc5 41. Qb2 Qd4 42. Qa2 Qd7 43. Bc4 Ng5 44. g4 h6 45. Qb2 Qd6 46. h4 Nh7 47.
Qb7 Qf6 48. Qc7 Nf8 49. Kg3 Kg7 50. Bb3 Qf4+ 51. Kg2 Qd2+ 52. Kh3 Nd7 53. Qxc6
Qe3 54. Kg3 Nc5 55. Bd5 Qg1+ 56. Kh3 Nd3 0-1

[Event "XXXVI Torneo Internacional de La Roda 2"]
[Site "La Roda (Albacete) - ESPAÑA"]
[Date "2009.03.09"]
[Round "2.5"]
[White "Cruz, Cristhian"]
[Black "Picazo Lopez, Juan Antonio"]
[Result "1-0"]
[WhiteElo "2544"]
[BlackElo "2232"]
[PlyCount "49"]
[EventDate "2009.03.08"]

1. d4 c5 2. d5 d6 3. c4 e5 4. e4 Be7 5. Nf3 Nf6 6. Nc3 Bg4 7. h3 Bxf3 8. Qxf3
a6 9. g3 Nbd7 10. h4 h5 11. Bd2 Rb8 12. Be2 g6 13. Qg2 Qb6 14. b3 Qd8 15. O-O-O
Qc8 16. Kc2 Bd8 17. f4 b5 18. cxb5 c4 19. bxa6 cxb3+ 20. axb3 Nc5 21. a7 Rxb3
22. Rb1 Rb7 23. Rxb7 Qxb7 24. Ra1 Qa8 25. Bb5+ 1-0

[Event "XXXVI Torneo Internacional de La Roda 2"]
[Site "La Roda (Albacete) - ESPAÑA"]
[Date "2009.03.09"]
[Round "2.6"]
[White "Trepat Herranz, Joan"]
[Black "Suba, Mihai"]
[Result "0-1"]
[WhiteElo "2251"]
[BlackElo "2542"]
[PlyCount "68"]
[EventDate "2009.03.08"]

1. e4 c5 2. Nf3 d6 3. d4 Nf6 4. Nc3 cxd4 5. Nxd4 Nc6 6. Bg5 e6 7. Qd2 a6 8.
O-O-O h6 9. Bf4 Bd7 10. Nxc6 Bxc6 11. f3 Qa5 12. Bxd6 O-O-O 13. Qf4 Nd5 14.
Nxd5 Bxd6 15. Nb6+ Qxb6 16. Rxd6 g5 17. Qd2 Rxd6 18. Qxd6 Rd8 19. Qa3 Qf2 20.
Qc3 Kb8 21. b3 g4 22. fxg4 Qf4+ 23. Kb2 Rd1 24. Qg3 Qxg3 25. hxg3 Bxe4 26. g5
hxg5 27. Rh8+ Kc7 28. Be2 Rd2 29. Bf3 Rxc2+ 30. Kb1 Bf5 31. g4 Bg6 32. Ka1 a5
33. Ra8 b6 34. Ra7+ Kd6 0-1

[Event "XXXVI Torneo Internacional de La Roda 2"]
[Site "La Roda (Albacete) - ESPAÑA"]
[Date "2009.03.09"]
[Round "2.7"]
[White "Paunovic, Dragan"]
[Black "Tudela Corbalan, Carlos"]
[Result "1-0"]
[WhiteElo "2537"]
[BlackElo "2226"]
[PlyCount "75"]
[EventDate "2009.03.08"]

1. Nf3 f5 2. d4 Nf6 3. g3 g6 4. Bg2 Bg7 5. O-O O-O 6. b3 c6 7. Bb2 Na6 8. Nbd2
Nc7 9. c4 d6 10. Qc2 e6 11. e4 d5 12. e5 Nh5 13. Ba3 Rf7 14. Bd6 Ne8 15. c5 g5
16. h3 Bh6 17. b4 Bd7 18. Nb1 g4 19. hxg4 fxg4 20. Nh2 Qg5 21. Nc3 Rg7 22. Rae1
Rg6 23. Nd1 Neg7 24. Ne3 Nf5 25. Nhxg4 Nxd4 26. Qd3 Nf5 27. f4 Qd8 28. Nxf5
exf5 29. Nxh6+ Rxh6 30. Kf2 Rg6 31. Re3 Ng7 32. Rh1 Be6 33. Bf3 Qe7 34. a4 a6
35. Ree1 Ne8 36. Rh3 Qg7 37. Reh1 Rd8 38. Bh5 1-0

[Event "XXXVI Torneo Internacional de La Roda 2"]
[Site "La Roda (Albacete) - ESPAÑA"]
[Date "2009.03.09"]
[Round "2.8"]
[White "Pintor Munoz, Antonio"]
[Black "Del Rio De Angelis, Salvador G"]
[Result "1/2-1/2"]
[WhiteElo "2243"]
[BlackElo "2531"]
[PlyCount "76"]
[EventDate "2009.03.08"]

1. d4 e6 2. c4 f5 3. g3 Nf6 4. Bg2 c6 5. Qc2 d5 6. Nh3 Bd6 7. Bf4 Be7 8. O-O
O-O 9. Nd2 Nh5 10. Nf3 Nd7 11. Bd2 Bd6 12. Ne1 h6 13. Nd3 g5 14. f4 g4 15. Nhf2
Nhf6 16. Ne5 Ne4 17. Nxe4 dxe4 18. Kf2 c5 19. Nxd7 Bxd7 20. e3 Rc8 21. Bc3 b5
22. b3 bxc4 23. bxc4 cxd4 24. Bxd4 Bb5 25. Rfc1 Bxc4 26. Qa4 Bd3 27. Qxa7 Rf7
28. Qb6 Ba3 29. Rc6 Rb8 30. Qxd8+ Rxd8 31. Bf1 Rb7 32. Bxd3 exd3 33. Rd1 Kf7
34. Rxd3 Bb2 35. Rc2 Rb4 36. Rcd2 Bxd4 37. Rxd4 Rdxd4 38. exd4 Ra4 1/2-1/2

[Event "XXXVI Torneo Internacional de La Roda 2"]
[Site "La Roda (Albacete) - ESPAÑA"]
[Date "2009.03.09"]
[Round "2.11"]
[White "Baigorri Navarro, Fco  Javier"]
[Black "Rizouk, Aimen"]
[Result "1/2-1/2"]
[WhiteElo "2204"]
[BlackElo "2505"]
[PlyCount "78"]
[EventDate "2009.03.08"]

1. Nf3 Nf6 2. c4 e6 3. g3 d5 4. Bg2 Be7 5. O-O O-O 6. Qc2 d4 7. d3 c5 8. b4
cxb4 9. a3 b3 10. Qxb3 Nc6 11. Nbd2 Nd7 12. Qc2 e5 13. Nb3 a5 14. a4 Nb4 15.
Qd1 Re8 16. e3 dxe3 17. Bxe3 Bf6 18. Rc1 Ra6 19. c5 Nf8 20. d4 exd4 21. Nfxd4
Ng6 22. Nb5 Ne5 23. Qxd8 Rxd8 24. Nd6 Nec6 25. Nxc8 Rxc8 26. Rfd1 Rc7 27. Bf4
Re7 28. Bd6 Re8 29. Nd2 Bd4 30. Ne4 f5 31. Nc3 Bxc3 32. Rxc3 Raa8 33. Bc7 Re7
34. Bb6 Rae8 35. Bf1 Re1 36. Rcc1 Nd4 37. Rxe1 Nf3+ 38. Kh1 Nxe1 39. Bxa5 Nbd3
1/2-1/2